THE SHORT TEXTBOOK OF COMMUNITY HEALTH NURSING VOLUME 1 AND VOLUME 2 (Record no. 84102)

MARC details
000 -LEADER
fixed length control field 00526nam a22001817a 4500
005 - DATE AND TIME OF LATEST TRANSACTION
control field 20230603120123.0
008 - FIXED-LENGTH DATA ELEMENTS--GENERAL INFORMATION
fixed length control field 230120b |||||||| |||| 00| 0 eng d
020 ## - INTERNATIONAL STANDARD BOOK NUMBER
International Standard Book Number 9789354655685
041 ## - LANGUAGE CODE
Language code of text/sound track or separate title ENG.
082 ## - DEWEY DECIMAL CLASSIFICATION NUMBER
Classification number 610.7343
Item number VEER
100 ## - MAIN ENTRY--PERSONAL NAME
Author VEERABHADRAPPA GM
245 ## - TITLE STATEMENT
Title THE SHORT TEXTBOOK OF COMMUNITY HEALTH NURSING VOLUME 1 AND VOLUME 2
260 ## - PUBLICATION, DISTRIBUTION, ETC.
Place of publication, distribution, etc. 2ND
Name of publisher, distributor, etc. JAYPEE BROTHERS MEDICAL PUBLISHERS
Date of publication, distribution, etc. 2022
300 ## - PHYSICAL DESCRIPTION
Extent 426 P.
365 ## - TRADE PRICE
Price type code RS
Price amount 436
650 ## - SUBJECT ADDED ENTRY--TOPICAL TERM
Topical term or geographic name entry element COMMUNITY HEALTH NURSING
942 ## - ADDED ENTRY ELEMENTS (KOHA)
Koha item type Books
Holdings
Withdrawn status Lost status Source of classification or shelving scheme Damaged status Not for loan Home library Current library Date acquired Net Price Total Checkouts Full call number Barcode Date last seen Date last checked out Bill Date Koha item type Original Barcode Total Renewals
    Dewey Decimal Classification     Sitabai Nargundkar College of Nursing Nagpur Sitabai Nargundkar College of Nursing Nagpur 06/12/2022 436.00 1 610.7343 VEER SNCN-BK-3063 13/03/2024 27/09/2023 20/01/2023 Books 3063  
    Dewey Decimal Classification     Sitabai Nargundkar College of Nursing Nagpur Sitabai Nargundkar College of Nursing Nagpur 06/12/2022 436.00 6 610.7343 VEER SNCN-BK-3064 15/10/2024 25/09/2024 20/01/2023 Books 3064  
    Dewey Decimal Classification     Sitabai Nargundkar College of Nursing Nagpur Sitabai Nargundkar College of Nursing Nagpur 06/12/2022 436.00 21 610.7343 VEER SNCN-BK-3065 27/02/2026 18/02/2026 20/01/2023 Books 3065 2
    Dewey Decimal Classification     Sitabai Nargundkar College of Nursing Nagpur Sitabai Nargundkar College of Nursing Nagpur 06/12/2022 436.00 7 610.7343 VEER SNCN-BK-3066 03/02/2024 25/01/2024 20/01/2023 Books 3066  
    Dewey Decimal Classification     Sitabai Nargundkar College of Nursing Nagpur Sitabai Nargundkar College of Nursing Nagpur 12/06/2022 436.00 4 610.7343 VEER SNCN-BK-3067 22/09/2023 20/09/2023 20/01/2023 Books 3067  
    Dewey Decimal Classification     Sitabai Nargundkar College of Nursing Nagpur Sitabai Nargundkar College of Nursing Nagpur 12/06/2022 436.00 18 610.7343 VEER SNCN-BK-3068 01/08/2025 02/07/2025 20/01/2023 Books 3068 2